Managing corrosion with plastics
Saved in:
| Corporate Authors: | , |
|---|---|
| Format: | Bog |
| Sprog: | engelsk |
| Udgivet: |
Houston
National Association of Corrosion Engineers
1971
|
| Fag: | |
| Tags: |
Tilføj Tag
Ingen Tags, Vær først til at tagge denne postø!
|
MARC
| LEADER | 00000nam a2200000 a 4500 | ||
|---|---|---|---|
| 001 | UCZ1017 | ||
| 003 | CL-VaPUC | ||
| 008 | 950810e19710000US |||||||||||||||||eng|d | ||
| 082 | 0 | 4 | |a 620.112 |b NAC |2 21 |
| 110 | 2 | |a NACE |e author |9 344385 | |
| 710 | 2 | |a National Association of Corrosion Engineers |e author |9 344386 | |
| 245 | 1 | 0 | |a Managing corrosion with plastics |
| 300 | |a v.5,7,8,9,10 | ||
| 942 | |c BK | ||
| 945 | |d 19950810 00:00:00 |a awong | ||
| 260 | |a Houston |b National Association of Corrosion Engineers |c 1971 | ||
| 500 | |a La fecha de publicación varía según el volúmen | ||
| 650 | 7 | |a CORROSION |2 CL-VaPUC |9 271912 | |
| 650 | 7 | |a SIMPOSIO |2 CL-VaPUC |9 341152 | |
| 650 | 0 | |a Plásticos |9 267415 | |
| 583 | |a last modification |c 19950810 00:00:00 |k Rodrigo Vera | ||
| 999 | |c 237866 |d 237864 | ||